<?xml version="1.0" encoding="UTF-8"?><marc:collection xmlns:marc="http://www.loc.gov/MARC21/slim">
  <marc:record>
    <marc:leader>00000nam##2200000za#4500</marc:leader>
    <marc:controlfield tag="001">9.685731</marc:controlfield>
    <marc:controlfield tag="003">CaOODSP</marc:controlfield>
    <marc:controlfield tag="005">20240219162708</marc:controlfield>
    <marc:controlfield tag="007">ta</marc:controlfield>
    <marc:controlfield tag="008">150407|2013||||xxc|||||     f|0| 0 fre|d</marc:controlfield>
    <marc:datafield tag="040" ind1=" " ind2=" ">
      <marc:subfield code="a">CaOODSP</marc:subfield>
      <marc:subfield code="b">fre</marc:subfield>
    </marc:datafield>
    <marc:datafield tag="043" ind1=" " ind2=" ">
      <marc:subfield code="a">n-cn---</marc:subfield>
    </marc:datafield>
    <marc:datafield tag="086" ind1="1" ind2=" ">
      <marc:subfield code="a">NF4-4/2013F</marc:subfield>
    </marc:datafield>
    <marc:datafield tag="110" ind1="2" ind2=" ">
      <marc:subfield code="a">Office national du film du Canada.</marc:subfield>
    </marc:datafield>
    <marc:datafield tag="245" ind1="1" ind2="0">
      <marc:subfield code="a">Imaginer, mobiliser, transformer - une vision, un plan, un manifeste 2013-2018 </marc:subfield>
    </marc:datafield>
    <marc:datafield tag="260" ind1=" " ind2=" ">
      <marc:subfield code="a">Ottawa - Ontario : </marc:subfield>
      <marc:subfield code="b">Office national du film du Canada </marc:subfield>
      <marc:subfield code="c">[2013].</marc:subfield>
    </marc:datafield>
    <marc:datafield tag="300" ind1=" " ind2=" ">
      <marc:subfield code="a">34p. : </marc:subfield>
      <marc:subfield code="b">photographies ; </marc:subfield>
      <marc:subfield code="c">22 cm.</marc:subfield>
    </marc:datafield>
    <marc:datafield tag="520" ind1="3" ind2=" ">
      <marc:subfield code="a">Ce plan expose la nouvelle vision de l’espace public en redéfinissant la nature et la raison d’être des institutions culturelles du 21e siècle. Il est ancré dans la mission de l’ONF et vise à renforcer le leadership de l’institution en matière de créativité et d’innovation, à accroître la présence, la notoriété et l’influence de ses œuvres et à intensifier ses relations significatives avec les auditoires canadiens et étrangers. Le Plan stratégique expose comment l’ONF accroîtra et consolidera sa capacité financière à long terme en élaborant un nouveau modèle économique et de nouvelles occasions d’affaires, et comment il transformera sa structure organisationnelle pour devenir un organisme souple et ainsi augmenter ses capacités de travailler et de créer différemment.</marc:subfield>
    </marc:datafield>
    <marc:datafield tag="563" ind1=" " ind2=" ">
      <marc:subfield code="a">Reliure à spirale</marc:subfield>
    </marc:datafield>
    <marc:datafield tag="590" ind1=" " ind2=" ">
      <marc:subfield code="a">14-20</marc:subfield>
      <marc:subfield code="b">2014-05-16</marc:subfield>
    </marc:datafield>
    <marc:datafield tag="775" ind1="0" ind2="8">
      <marc:subfield code="t">Imagine, engage, transform - a vision, a plan, a manifesto 2013-2018 </marc:subfield>
      <marc:subfield code="w">(CaOODSP)9.652808</marc:subfield>
    </marc:datafield>
    <marc:datafield tag="776" ind1="0" ind2="#">
      <marc:subfield code="t">Imaginer, mobiliser, transformer - une vision, un plan, un manifeste 2013-2018 </marc:subfield>
      <marc:subfield code="w">(CaOODSP)9.643381</marc:subfield>
    </marc:datafield>
  </marc:record>
</marc:collection>
